000 01110nam a22002415i 4500
001 176662
003 ES-MaACL
005 20260228142717.0
008 110131s1999 sp a |||| | spa d
020 _a84-8138-330-9
080 _a378(460.27 Alcalá de Henares)(091)
245 0 0 _aCarta bulada de Alejandro VI /
_c[estudio y transcripción: Santiago Aguadé Nieto].
260 _a[Alcalá de Henares?] :
_bCentro Internacional de Estudios Históricos,
_cD. L. 1999.
300 _a1 carpeta ([1] h. pleg.) ;
_c31 cm.
500 _aTít. tomado de la carpeta.
500 _aLa carperta lleva impresa la transcripción al castellano de la carta en latín y un pequeño comentario.
595 _aFacsímil de la carta, fechada el 13 de abril de 1499, en la que el Papa Alejandro VI autoriza al Cardenal Cisneros la creación de un Colegio Universitario en Alcalá de Henares.
610 2 4 _aUniversidad de Alcalá de Henares-
_vHistoria.
_9143818
700 0 _aAguadé Nieto, Santiago.
_9144940
700 _aAlejandro
_bVI,
_cPapa
_9223330
852 _aES-MaACL
_j2287-F-16
999 _c176662
_d176662